[Event "Panevezys op-B"]
[Site "Panevezys"]
[Date "2017.07.04"]
[Round "2"]
[White "Golsta, Madara"]
[Black "Simkunas, Kestutis"]
[Result "1-0"]
[WhiteElo "1675"]
[BlackElo "1871"]
[PlyCount "85"]
[EventDate "2017.07.03"]
[EventType "swiss"]
[EventRounds "9"]
[EventCountry "LTU"]
[SourceTitle "EXT 2018"]
[Source "ChessBase"]
[SourceDate "2017.10.13"]
[SourceVersion "1"]
[SourceVersionDate "2017.10.13"]
[SourceQuality "1"]

1. e4 d6 2. d4 g6 3. Nc3 Bg7 4. Bg5 c6 5. a3 Qb6 6. Be3 Nf6 7. f3 Qc7 8. Qd2 Nbd7 9. g4 h5 10. g5 Nh7 11. 0-0-0 b5 12. d5 a6 13. Bd4 0-0 14. Bxg7 Kxg7 15. dxc6 Qxc6 16. Qd4+ Kg8 17. Nd5 Re8 18. h4 Nhf8 19. Bh3 Nc5 20. Kb1 Bxh3 21. Nxh3 Rac8 22. Rh2 Nce6 23. Qd2 Nd7 24. f4 Qc4 25. Re2 Qc6 26. f5 Nec5 27. Nf2 Ne5 28. f6 e6 29. Ne7+ Rxe7 30. fxe7 Nc4 31. Qf4 Na4 32. e5 Nxa3+ 33. Ka2 Nxc2 34. Nd3 d5 35. Rf2 Qe8 36. Rc1 Rc4 37. Qd2 Nd4 38. Rcf1 Qxe7 39. Rxf7 Nc3+ 40. bxc3 Ra4+ 41. Kb1 Qxf7 42. Rxf7 Kxf7 43. cxd4 1-0

[Event "Panevezys op U2200"]
[Site "Panevezys"]
[Date "2015.12.05"]
[Round "2"]
[White "Simkunas, Kestutis"]
[Black "Gedmintas, Darius"]
[Result "1-0"]
[WhiteElo "1871"]
[BlackElo "1631"]
[PlyCount "89"]
[EventDate "2015.12.04"]
[EventType "swiss"]
[EventRounds "6"]
[EventCountry "LTU"]
[SourceTitle "CBM 169 Extra"]
[Source "ChessBase"]
[SourceDate "2015.12.18"]
[SourceVersion "1"]
[SourceVersionDate "2015.12.18"]
[SourceQuality "1"]

1. c4 e5 2. Nc3 Nf6 3. g3 g6 4. Bg2 Bg7 5. Nf3 d6 6. 0-0 Nc6 7. d3 h6 8. Rb1 Rb8 9. b4 Be6 10. b5 Ne7 11. a4 b6 12. Bb2 Qc8 13. Re1 0-0 14. Qc2 a6 15. a5 axb5 16. Nxb5 bxa5 17. Ra1 Nc6 18. Bc3 Bd7 19. Reb1 Nb4 20. Bxb4 axb4 21. Rxb4 Bxb5 22. cxb5 e4 23. Nd4 exd3 24. Qxd3 Rb6 25. Rc1 Re8 26. Rbc4 Qg4 27. Rxc7 Nh7 28. Nf3 Qe6 29. e3 Reb8 30. R7c6 Nf8 31. Nd4 Bxd4 32. Qxd4 Rxb5 33. Rxd6 Qa2 34. Bd5 Qb2 35. Qc4 Rxd5 36. Rxd5 Ne6 37. Rd7 Qf6 38. Kg2 Ng5 39. Qd5 Rb2 40. Rf1 Kh7 41. h4 Rd2 42. Qxd2 Qf3+ 43. Kh2 Ne4 44. Qd5 Kg7 45. Rxf7+ 1-0

[Event "Panevezys op U2200"]
[Site "Panevezys"]
[Date "2015.12.05"]
[Round "3"]
[White "Voroblievas, Arturas"]
[Black "Simkunas, Kestutis"]
[Result "1/2-1/2"]
[WhiteElo "1887"]
[BlackElo "1871"]
[PlyCount "138"]
[EventDate "2015.12.04"]
[EventType "swiss"]
[EventRounds "6"]
[EventCountry "LTU"]
[SourceTitle "CBM 169 Extra"]
[Source "ChessBase"]
[SourceDate "2015.12.18"]
[SourceVersion "1"]
[SourceVersionDate "2015.12.18"]
[SourceQuality "1"]

1. e4 d6 2. d4 Nf6 3. Nc3 g6 4. f4 Bg7 5. Nf3 c6 6. Bd3 0-0 7. 0-0 b5 8. e5 dxe5 9. fxe5 Nd5 10. Nxd5 Qxd5 11. c3 a6 12. Bg5 f6 13. exf6 exf6 14. Bf4 Bf5 15. Bxf5 Qxf5 16. Bg3 Qd5 17. Re1 Nd7 18. Re7 Rf7 19. Qe2 Rxe7 20. Qxe7 Bf8 21. Qe2 Kf7 22. Re1 Qxa2 23. Qe4 Qd5 24. Qf4 Re8 25. Rxe8 Kxe8 26. h4 c5 27. Qc7 cxd4 28. Qc8+ Kf7 29. cxd4 Qe6 30. Qb7 Bd6 31. Bf2 Bf4 32. d5 Qd6 33. Nd4 Qc7 34. Qc6 Qxc6 35. Nxc6 Ne5 36. Nd8+ Ke7 37. Ne6 Nd3 38. Bb6 Nxb2 39. Nxf4 Nc4 40. Bc5+ Kd7 41. Ne6 a5 42. Kf2 a4 43. Nd4 Nd2 44. Ke3 Nc4+ 45. Kd3 Ne5+ 46. Kc3 h5 47. Nxb5 g5 48. hxg5 fxg5 49. Be3 g4 50. Bg5 Ng6 51. g3 Ne5 52. Bf4 Nf3 53. Kb4 h4 54. gxh4 Nxh4 55. Kxa4 Nf5 56. Nc3 g3 57. Ne2 g2 58. Bh2 Nh4 59. Kb5 Nf3 60. Bg1 Kd6 61. Kc4 Ne5+ 62. Kd4 Nf3+ 63. Ke4 Ng5+ 64. Kf5 Nh3 65. Ke4 Ng5+ 66. Kd4 Nf3+ 67. Kc4 Ne5+ 68. Kd4 Nf3+ 69. Ke4 Ng5+ 1/2-1/2

[Event "Panevezys op-A 28th"]
[Site "Panevezys"]
[Date "2015.08.23"]
[Round "9"]
[White "Urbonaviciute, Zivile"]
[Black "Simkunas, Kestutis"]
[Result "0-1"]
[WhiteElo "1870"]
[BlackElo "1825"]
[PlyCount "76"]
[EventDate "2015.08.17"]
[EventType "swiss"]
[EventRounds "9"]
[EventCountry "LTU"]
[SourceTitle "EXT 2016"]
[Source "ChessBase"]
[SourceDate "2015.10.08"]
[SourceVersion "1"]
[SourceVersionDate "2015.10.08"]
[SourceQuality "1"]

1. e4 d6 2. d4 Nf6 3. Nc3 g6 4. Bc4 Bg7 5. Qe2 c6 6. a4 e5 7. dxe5 dxe5 8. Nf3 Nbd7 9. Be3 0-0 10. h3 Qa5 11. 0-0 Qb4 12. Bd2 Qe7 13. Rfe1 h6 14. Nh2 Nb6 15. Bb3 Be6 16. a5 Nbd7 17. Bxe6 Qxe6 18. Be3 Qe7 19. Qc4 Rfc8 20. Na4 Bf8 21. c3 Qe6 22. Qd3 Nh5 23. Ng4 Kh7 24. Qd2 f5 25. exf5 gxf5 26. Nh2 Nhf6 27. Qc2 Nd5 28. Rad1 Nxe3 29. Rxe3 Re8 30. b4 Nf6 31. Nc5 Bxc5 32. bxc5 Rad8 33. Rdd3 Rd5 34. c4 Rxd3 35. Rxd3 Ne4 36. Rf3 Rd8 37. g4 Rd2 38. gxf5 Qg8+ 0-1

[Event "Panevezys op-B 26th"]
[Site "Panevezys"]
[Date "2013.08.16"]
[Round "6"]
[White "Simkunas, Kestutis"]
[Black "Jaskunaite, Areta"]
[Result "1-0"]
[WhiteElo "1776"]
[BlackElo "1473"]
[PlyCount "61"]
[EventDate "2013.08.12"]
[EventType "swiss"]
[EventRounds "8"]
[EventCountry "LTU"]
[SourceTitle "CBM 155 Extra"]
[Source "ChessBase"]
[SourceDate "2013.08.26"]
[SourceVersion "1"]
[SourceVersionDate "2013.08.26"]
[SourceQuality "1"]

1. c4 e6 2. Nf3 Nf6 3. Nc3 d5 4. e3 c5 5. d4 Nc6 6. cxd5 exd5 7. Be2 a6 8. 0-0 Bd6 9. b3 0-0 10. Bb2 Be6 11. Rc1 c4 12. bxc4 dxc4 13. e4 Bg4 14. e5 Bxf3 15. Bxf3 Nxe5 16. dxe5 Bxe5 17. Ba3 Re8 18. Qxd8 Rexd8 19. Bxb7 Ra7 20. Bf3 Rd3 21. Bb4 Rad7 22. Be2 Rd2 23. Bxc4 R7d4 24. Na4 Bxh2+ 25. Kxh2 Rh4+ 26. Kg1 Rdd4 27. Bxa6 h6 28. a3 Nd5 29. Rb1 Rh5 30. g3 Rg5 31. Rfd1 1-0

[Event "Panevezys op-B"]
[Site "Panevezys"]
[Date "2010.08.20"]
[Round "4"]
[White "Dugnaite, Gerda"]
[Black "Simkunas, Kestutis"]
[Result "0-1"]
[WhiteElo "1662"]
[BlackElo "1768"]
[PlyCount "83"]
[EventDate "2010.08.18"]
[EventType "swiss"]
[EventRounds "7"]
[EventCountry "LTU"]
[SourceTitle "CBM 138 Extra"]
[Source "ChessBase"]
[SourceDate "2010.10.29"]
[SourceVersion "1"]
[SourceVersionDate "2010.10.29"]
[SourceQuality "1"]

1. e4 g6 2. d4 Bg7 3. Nc3 d6 4. h3 Nd7 5. Be3 e5 6. d5 Ngf6 7. Nf3 0-0 8. Be2 b6 9. 0-0 Nc5 10. Nd2 Qe7 11. f3 Nh5 12. Qe1 Nf4 13. Bb5 Qg5 14. Bxf4 exf4 15. Kh2 a6 16. Be2 Bb7 17. Nc4 Rae8 18. Qf2 f5 19. exf5 Qxf5 20. Rad1 Bxc3 21. bxc3 Bxd5 22. Rd2 b5 23. Na5 Bxa2 24. Ra1 Bd5 25. c4 Qe5 26. Rb1 Ba8 27. cxb5 Qc3 28. Nc4 axb5 29. Rxb5 Bc6 30. Rb1 Rb8 31. Rbd1 Rbd8 32. Rd4 Ne6 33. R4d2 Qf6 34. Na5 Ba8 35. Bc4 Kg7 36. Re2 d5 37. Bb3 c5 38. Ba4 Nd4 39. Red2 Qa6 40. Rxd4 Qxa5 41. R4d2 Qxa4 42. Qxc5 0-1